| 000 | 00718nam a2200181Ia 4500 | ||
|---|---|---|---|
| 008 | 100920s9999 xx 000 0 und d | ||
| 082 |
_b107610 _a891.43 न 09 |
||
| 100 | _aशास्त्री शर्मा भीमराज. | ||
| 245 | _aआत्मविश्वास और सफल नेतृत्व. | ||
| 260 |
_bविनय पब्लिकेशन , जयपुर. _c2009 |
||
| 300 |
_a132 _bसाधी |
||
| 365 | _b160 | ||
| 520 | _aहिंदी. | ||
| 630 | _aआत्मविश्वास और सफल नेतृत्व. | ||
| 650 | _aहिंदी. | ||
| 730 | _aआत्मविश्वास और सफल नेतृत्व. | ||
| 942 | _cBOOK | ||
| 999 |
_c748034 _d748031 |
||